000 02611nam0a22005291 4500
001 RU\NLR\bibl\1164426
005 20260405143904.0
010 _a5-85803-309-1
_91000
035 _a(nilc)EL/0000141368
035 _aRU\LSL\Books\2492806
035 _aRU\LSL\Books\2517053
035 _a(NLR Aleph) 001151145
090 _a1478395
_c1478395
100 _a20070712d2006 |||y0rusy50 ca
101 0 _arus
_frus
_feng
_deng
102 _aRU
105 _ah z |||||
200 1 _aМаньчжурские письменные памятники по истории и культуре империи Цин XVII - XVIII вв.
_dManchu written sources on the history and culture of the Qing empire in the 17-18th Centuries
_fТатьяна Александровна Пан
_gРос. Акад. наук, Ин-т востоковедения, С.-Петерб. фил.
_zeng
210 _aСанкт-Петербург
_cПетербургское Востоковедение
_d2006
215 _a204 с., [10] л. факс.
_d22
225 1 _aOrientalia
300 _aАвт. также на англ. яз.: T. A. Pang
300 _aРез. на англ. яз.
320 _aБиблиогр.: с. 177-195 и в подстроч. примеч.
320 _aУказ. имен: с. 196-199
510 0 _6z45790
_aManchu written sources on the history and culture of the Qing empire in the 17-18th Centuries
_zeng
606 1 _aКитайская литература
_yМаньчжурия
_92498747
_3RU\NLR\auth\661482158
607 _aКитай
_jИсточники и источниковедение
_xИстория
_z17 - 18 вв.
_91306411
_3RU\NLR\auth\66541571
686 _aТ3(5Кит)5ю1
_vLBC/M
_2rubbk
686 _aШ165.41-0
_vLBC/SL
_2rubbk
686 _a03.19
_2rugasnti
686 _a16.41
_2rugasnti
686 _aШ5(5Кит=М)-379
686 _aШ165.41-0
686 _aТ3(5Кит)5,01
700 1 _4070
_8rus
_7ca
_aПан
_bТ. А.
_cканд. ист. наук
_f1955-
_gТатьяна Александровна
_3RU\NLR\AUTH\7759544
_942475
722 _8rus
_aЦин
_cдинастия
_f1644-1912
_7ca
_3RU\NLR\AUTH\7759542
_942473
790 1 _4070
_8rus
_7ba
_aPan
_bT. A.
_cканд. ист. наук
_f1955-
_gTat'jana Aleksandrovna
_3RU\NLR\auth\7759556
_942487
801 0 _aRU
_bНБ Казанского ГУ
_c20050824
_gPSBO
801 1 _aRU
_bНБ Казанского ГУ
_c20070903
_gPSBO
801 2 _aRU
_bNLR
_c20071206
_grcr
852 _aNLR
_bОЛСАА-кит.
_j3-3772
942 _cBOOK
980 _aNB
980 1 _aCHIN